Nhãn sinh thái đối với hàng hóa xuất khẩu và tiêu dùng nội địa

Đã lưu trong:
書目詳細資料
主要作者: Nguyễn, Hữu Khải
格式: 圖書
語言:Undetermined
出版: Hà Nội Lý luận chính trị 2005
主題:
標簽: 添加標簽
沒有標簽, 成為第一個標記此記錄!
Thư viện lưu trữ: Trung tâm Học liệu Trường Đại học Cần Thơ
LEADER 00610nam a2200181Ia 4500
001 CTU_104447
008 210402s9999 xx 000 0 und d
082 |a 338.064 
082 |b Kh103 
100 |a Nguyễn, Hữu Khải 
245 0 |a Nhãn sinh thái đối với hàng hóa xuất khẩu và tiêu dùng nội địa 
245 0 |c Nguyễn Huy Toàn 
260 |a Hà Nội 
260 |b Lý luận chính trị 
260 |c 2005 
650 |a Production,Product life cycle,Product safety 
904 |i Vương 
980 |a Trung tâm Học liệu Trường Đại học Cần Thơ